000 00992nas a2200301 4500
001 BR8401695
003 BR-BrBNA
005 20231205085849.0
007 ta
008 230509b bl.|||p| |||| 00| 00por d
040 _aBR-BrBNA
_bpor
_cBiblioteca Nacional de Agricultura
041 _a(Pt)
072 _aL30
100 1 _aBatista, A.M.V.
100 1 _aSilva, J.F.C. da
100 1 _aLeao, M.I.
100 1 _aGarcia, J.A.
100 1 _aRodrigues, M.T.
245 1 _aEfeito do tratamento de soja integral, com formaldeido, sobre a liberacao de amonia in vitro [racao, bovino]
246 1 _a[Effect of formaldehyde treatment of whole soybean on in vitro ammonia liberation [ration, bovine]]
650 _aBOVINO
650 _aSOJA
650 _aRACAO
650 _aMATERIA SECA
773 0 _tRevista da Sociedade Brasileira de Zootecnia (Brazil)
_xISSN 0100-4859
_g(1983), v. 12(4) p. 626-636
_wBR8401695
909 _a202311
_bLúcia
_c55
_dLúcia Elande
942 _2AGRIS
_n0
_cANA
999 _c114367
_d114367